Diálogo de la liberación

Gardado en:
Detalles Bibliográficos
Autor Principal: Paoli, Arturo (autor)
Formato: Libro
Idioma:Lingua castelá
Publicado: Buenos Aires Carlos Lohlé 1970
Subjects:
Tags: Engadir etiqueta
Sen Etiquetas, Sexa o primeiro en etiquetar este rexistro!

MARC

LEADER 00000nam a2200000 a 4500
001 UCL3474
003 CL-VaPUC
008 031128e19700000AG |||||||||||||||||spa|d
082 0 4 |a 248.4  |b PAO  |2 21 
100 |a Paoli, Arturo  |e autor  |9 483159 
245 1 0 |a Diálogo de la liberación 
300 |a 303 p 
942 |c BK 
945 |d 20031128 00:00:00  |a vberengu 
260 |a Buenos Aires  |b Carlos Lohlé  |c 1970 
650 0 |a Vida cristiana  |9 258753 
583 |a last modification  |c 20031128 00:00:00  |k Rodrigo Vera 
999 |c 306511  |d 306509 
952 |0 0  |1 2  |4 0  |6 248_400000000000000_PAO_1970  |7 0  |8 A  |9 371551  |a BIBTEO  |b BIBTEO  |d 2019-11-21  |i 2096285  |o 248.4 PAO 1970  |p 2096285  |r 2019-11-21  |w 2019-11-21  |x Descarte 2019  |y BK  |k ICR